Personnalités célèbres commençant par U et V - Statistiques

Statistiques générales
  • Ce quiz a été pris 56 fois
  • Le résultat moyen est 8 sur 16
Statistiques - réponses
Par images Réponse % Correct
Vianney
94%
Vitaa
83%
Samuel Umtiti
78%
Jean-Claude Van Damme
76%
Manuel Valls
74%
Usher
70%
Max Verstappen
44%
Gaspard Ulliel
33%
Kelly Vedovelli
33%
Lino Ventura
31%
Sylvie Vartan
30%
Richard Virenque
24%
Roch Voisine
22%
Karin Viard
20%
Julia Vignali
19%
Amaury Vassili
17%
Aucun quiz correspondant
Distribution des résultats
% des personnes avec chaque résultat
Percentile par nombre de réponses
Votre historique - résultats
Vous n’avez pas pris ce quiz